header

Soul (Record no. 151645)

MARC details
000 -LEADER
fixed length control field 01342nam a2200349 a 4500
245 00 - TITLE STATEMENT
Title Soul
260 ## - PUBLICATION, DISTRIBUTION, ETC. (IMPRINT)
Place of publication Frankfurt :
Name of publisher Ontos Verlag,
Year of publication 2010.
300 ## - PHYSICAL DESCRIPTION
Number of Pages 297 p.
500 ## - GENERAL NOTE
General note International conference proceedings.
650 #0 - SUBJECT ADDED ENTRY--TOPICAL TERM
Topical Term Soul
Topical Term Soul
Topical Term Islamic philosophy
Topical Term Theology, Doctrinal
700 1# - ADDED ENTRY--PERSONAL NAME
Personal name Kanzian, Christian.
Personal name Legenhausen, M.
856 40 - ELECTRONIC LOCATION AND ACCESS
Uniform Resource Identifier http://site.ebrary.com/lib/rucke/Doc?id=10728943

No items available.

© 2026 Rongo University
Contact us: librarian | system librarian | Rongo university